000 00337 a2200157 4500
001 188753
020 _a978-85-10-04564-3
040 _cMagnum
100 _aRibeiro, Jonas
240 1 0 _aPalavra de filho
_lpor
245 1 0 _aPalavra de filho
300 _a31
362 0 _a2009
697 _aLITERATURA INFANTO-JUVENIL
942 _cBK
999 _c188753
_d188753